000 00562nam a2200157 4500
999 _c17149
_d17149
008 220607b ||||| |||| 00| 0 eng d
022 _a0732-8435
082 _aDPer 657.05 C33 Jan - Apr 2011, v. 81 n 1 - 4
100 _aMetzger, Lawrence.
_945552
245 _aThe keys to integrity and a sense of well-being for accounting professionals/
_bLawrence Metzger.
260 _aNew York:
_bThe New York State Society of CPA,
_c2011.
300 _aV81 n3, page 10-12;
_b
_c28 cm.
500 _aThe CPA Journal.
650 _aAccounting.
_945553
942 _2ddc
_cPER